01244nam a22003137a 4500003000400000005001700004008004100021020002200062040003700084082002900121245014400150260004000294300005300334500006000387504004100447650002100488650003300509650001900542650002100561650002100582650002200603650002900625650002300654650001200677650002300689650007900712650002500791856011400816OSt20250509064647.0250505t2024 |||o||||o| || 00| ||eng dd a978-65-86603-35-4 cJMCFI - Learning Resource Center aeBook/SW 155.4 P961 2024 aThe private social assistance network of the Unifed Social Assistance System (SUAS) and early childhood developmenth[electronic resource]. aRio de Janeiro :bPetrobras,c2024. a1 online resource (233 pages : colored, illus.). aPublication in cooperation with UNESCO Office Brasilia. aIncludes bibliographical references. aEarly childhood. aEarly childhood development. aChild welfare. aSocial services. aHealth services. aMaternal welfare. aSocial workers training. aCapacity building. aBrazil. aSocial work eBook. aUnited Nations Educational, Scientific and Cultural Organization (UNESCO). aeBook (Open access). uhttps://unesdoc.unesco.org/ark:/48223/pf0000388911?posInSet=99&queryId=N-684d769b-9b1d-4b07-8cb0-9d81224d5b45